Santiago de Chile: Los planos de su Historia. Siglos XVI a XX. De Aldea a Metrópolis

Сохранить в:
Библиографические подробности
Главный автор: Martínez Lemoine, René (autor)
Формат:
Язык:испанский
Опубликовано: Santiago Facultad de Arquitectura, Urbanismo y Paisaje. Universidad Central de Chile 2007
Редактирование:1a. ed
Предметы:
Метки: Добавить метку
Нет меток, Требуется 1-ая метка записи!

MARC

LEADER 00000nam a2200000 a 4500
001 UCH0844
003 CL-VaPUC
008 090326e20071100CL |||||||||||||||||spa|d
020 |a 9789567751075 
082 0 4 |a 711.43  |b MAR  |2 21 
100 |a Martínez Lemoine, René  |e autor  |9 535166 
245 1 0 |a Santiago de Chile: Los planos de su Historia. Siglos XVI a XX. De Aldea a Metrópolis 
250 |a 1a. ed 
300 |a 130 p 
942 |c BK 
945 |d 20090326 00:00:00  |a dcastane 
260 |a Santiago  |b Facultad de Arquitectura, Urbanismo y Paisaje. Universidad Central de Chile  |c 2007 
500 |a Con el patrocinio de la Ilustre Municipalidad de Santiago y la colaboración de la Dirección de Bibliotecas Archivos y Museos 
650 0 |a Urbanismo  |9 255208 
650 0 |a Planificación urbana   |9 258176 
651 0 |a Santiago  |9 265444 
651 7 |a CHILE  |2 CL-VaPUC  |9 535167 
583 |a last modification  |c 20140403 06:13:09  |k Rodrigo Vera 
999 |c 333044  |d 333042 
952 |0 0  |1 0  |4 0  |6 711_430000000000000_MAR_2007  |7 0  |8 A  |9 421184  |a BIBARQ  |b BIBARQ  |d 2019-11-22  |i 4524691  |o 711.43 MAR 2007  |p 4524691  |r 2025-01-20  |w 2019-11-22  |y BK  |k ARQ